Quizzes
Events
Quiz Creation
Community
Videos
Private Events
Remove Ads
Sign In
Join for FREE
Feedback
Dark Mode
Quiz Categories
Sports
Geography
Music
Movies
Television
Just For Fun
Miscellaneous
History
Literature
Language
Science
Gaming
Entertainment
Religion
Holiday
For Kids
Quiz Lab
Recent
Popular Today
Quiz Kudos Today
Editor Picks
Curator Picks
Quizzes by...
Day
Popularity
Type
Ratings
Length
Year
Community
Subscriptions
Recent Discussions
Orange Saloon
Badges
Playlists
Quests
Create
Leaderboards
Showdown
Live 5
Trivia Bingo
Activity
Puzzle Library
Sporcle Events
Private Events
Virtual Trivia
Globe League
Become a Host
Pub Owners
SporcleCon
Opinionation
Our Games
Videos
Blog
Mobile Apps
Partnerships
Remove Ads and Go Orange
Feedback
Language
Vocabulary
Begins and Ends
Definition
Spanish
French
German
Italian
Chinese
Latin
Translation
Japanese
Language
Vocabulary
Begins and Ends
Definition
Spanish
French
German
Italian
Chinese
Latin
Translation
Japanese
Random Quiz
Search Sporcle
×
Quiz Lab
Quiz Lab
Language
Arabic
Type in answers that appear in a list
Type in answers that appear in a list
Classic
Best Score? Go Orange.
الدرس الثامن Stats
Can you name the words?
By
benfjohnson12
4m
27 Questions
10 Plays
10 Plays
10 Plays
Comments
Comments
Give Quiz Kudos
Give Quiz Kudos
-
- Ratings
hide this ad
Random Order
Randomize order of answers
Randomize order of answers
Replay
Link that replays current quiz
Next Quiz
Link to next quiz in quiz playlist
You Got
0%
They Got
Avg Score
58%
Avg Friend Score
Upgrade to see
Score Distribution
Jump to the score distribution portion of the page
Score
0/27
Timer
04:00
0
Plays Today
English
Arabic
% Correct
help, helping
المساعدة
80%
opinion
رأي
70%
future
المستقبل
70%
he/
it is not
ليس
70%
like
مثل
70%
mother
ام
60%
I got, obtained
حصلت
60%
I entered (i.e. a room)
دخلت
60%
I study (review)
اذاكر
60%
Review lessons, doing homework
المذاكرة
60%
in his opinion
في رأيه
60%
he refused
رفض
60%
I refuse
ارفض
60%
I help
اساعد
60%
English
Arabic
% Correct
he/
it does not have
ليس له
60%
it does not have
ليس فيه
60%
I succeeded in, passed
نجحت في
60%
I succeed in, pass
انجح في
60%
after
بعد
50%
I enter (i.e. a room)
ادخل
50%
he wanted to
اراد ان
50%
I want to
اريد ان
50%
throughout
طوال
50%
thanks to
بفضل
50%
as
كما
50%
there is not
ليس هناك
50%
I join, enter the army, medical school, etc.
التحق ب
40%
Quiz Playlist
Details
Report
Send in Message
Add To Playlist
Classic:
Type in answers that appear in a list
Random Order:
Randomize order of answers
Last Updated: Feb 16, 2017
Quiz Scoreboard
CHALLENGE
Sign Up to Join the Scoreboard
Show All
Scores
Hide
Comments
May contain spoilers
Recently Published
Billboard Blitz: Fleetwood Mac
by CooCooCachoo
Music
15s
Presidents Visiting Landmarks
by Hejman
History
7m
An Introduction to Baseball
by treessimontrees
Sports
5m
More to Explore
Quiz From the Vault
Featured Blog Post
Where Did the Easter Bunny Come From?
hide this ad
You Might Also Like...
Tags
Arabic
English
Today's Top Quizzes in Language
Browse Language
hide this ad
Today's Top Quizzes in Arabic
Browse Arabic
Top Contributed Quizzes in Language
1
1-10 Letter F Words III
2
1-10 Letter G Words III
3
Order Up: Top 10 Most Native Spoken Languages
4
1-10 Letter H Words III
5
Alphabetize! : 'As' words
6
One Thing in Common: Italy
7
1-10 Letter I Words III
8
Weisst du, aus welchen Sprachen diese Wörter stammen?
9
1-10 Letter J Words III
10
Celtic Nations in their Language
Explore More
Trending Topics
Disney
Crossword
Kpop
Marvel
NBA
Harry Potter
Anime
Soccer
Song
Puzzle
Pokémon
WWE
Country
NFL
The Office
hide this ad
More By:
benfjohnson12
Quiz
Plays
Rating
Category
Featured
Created
Phi Kappa Psi brothers hometowns
77
2.00
History
Apr 27, 2010
الدرس الثاني عشر
20
3.00
Language
Apr 29, 2010
الدرس السابع
16
1.67
Language
Apr 29, 2010
الدرس التّاسع
12
2.00
Language
Apr 29, 2010
الدرس العاشر
10
2.50
Language
Apr 29, 2010
Go to Creator's Profile
Score Distribution
Quiz Creator Spotlight
benfjohnson12
Follow
Send a Message
Quizzes Created
-
Created Quiz Play Count
-
More By This Creator
Popular Quizzes Today
1
Find the US States - No Outlines Minefield
2
Find the Countries of Europe - No Outlines Minefield
3
The Countries of the World
4
Find the US States
5
US States
6
Risky Map Clicking: Biggest States A-Z
7
Popular People in 1961
8
Movies - When Are They Set?
More Language Quizzes
Add Two Letters II
Published
Trending Quizzes
Risky Map Clicking: Least Populous States A-Z
1-10 Letter G Words
1-10 Letter F Words
Risky Map Clicking: Next State Alphabetically
Risky Map Clicking: Biggest States A-Z
Recently Updated
Leaping Animals
pecheneg
Reality TV Shows (A-Z)
bhenderson79
Rickey Henderson's Hall of Fame Teammates
pecheneg
Champions League XIs: Arsenal
pecheneg
Quick Pick: Celebrities in WWE's Hall of Fame
aduchscher
A-Z Keypad Blitz II
pecheneg
Multiple Oscar Actors
pecheneg
Mystery Phrase Blitz: Oscar 'Best Actors'
pecheneg
F. Scott Fitzgerald Novels
LTH
Pick 3 Villains
ddd62291
Trending Topics
Kpop
Harry Potter
Marvel
Crossword
NBA
Anime
Disney
WWE
Song
Puzzle
Soccer
NFL
Pokémon
The Office
Country
Your Account Isn't Verified!
In order to create a playlist on Sporcle, you need to verify the email address you used during registration. Go to your
Sporcle Settings
to finish the process.
Report this User
Report this user for behavior that violates our
Community Guidelines
.
Details:
Send Report
Go to the Sporcle.com Mobile Site →
Comments